Statistics for Largest Countries and Empires by GDP (19th Century)

Click here to take the quiz!

General Stats

  • This quiz has been taken 79 times
  • The average score is 36 of 45

Answer Stats

1820% Correct
1British EmpireWestern Europe
100%
1British EmpireWestern Europe
100%
2British EmpireWestern Europe
100%
1Qing ChinaEast Asia
100%
2Qing ChinaEast Asia
100%
2Qing ChinaEast Asia
100%
5French EmpireWestern Europe
97%
12Ottoman EmpireWest Asia
97%
8Ottoman EmpireWest Asia
97%
7Ottoman EmpireWest Asia
97%
5Russian EmpireEastern Europe
97%
5Russian EmpireEastern Europe
97%
6Russian EmpireEastern Europe
97%
8Empire of JapanEast Asia
95%
3FranceWestern Europe
95%
3Kingdom of FranceWestern Europe
95%
7Kingdom of ItalySouthern Europe
95%
6Kingdom of SpainSouthern Europe
95%
11Kingdom of SpainSouthern Europe
95%
4Tokugawa JapanEast Asia
95%
6Tokugawa JapanEast Asia
95%
4North German ConfederationCentral Europe
92%
10United StatesNorthern America
92%
4United StatesNorthern America
92%
3United StatesNorthern America
92%
9Austrian EmpireCentral Europe
89%
12Austrian EmpireCentral Europe
89%
11Kingdom of SpainSouthern Europe
89%
12NetherlandsWestern Europe
88%
10NetherlandsWestern Europe
86%
8NetherlandsWestern Europe
86%
15BelgiumWestern Europe
80%
13BelgiumWestern Europe
80%
14Sweden-NorwayNorthern Europe
72%
11PrussiaCentral Europe
71%
7PrussiaCentral Europe
71%
15JoseonEast Asia
62%
14Papal StatesSouthern Europe
49%
14Papal StatesSouthern Europe
49%
9Austria-HungaryCentral Europe
38%
13Kingdom of SardiniaSouthern Europe
32%
13Kingdom of SardiniaSouthern Europe
32%
10Two SiciliesSouthern Europe
20%
9Two SiciliesSouthern Europe
20%
15Sikh EmpireSouth Asia
11%

Score Distribution

Percentile by Number Answered

Percent of People with Each Score

Your Score History

You have not taken this quiz